000 01216 a2200229 4500
999 _c16387
_d16387
005 20190110170342.0
010 _aB-283457, B-248529
020 _c180.00
_a8189399101
020 _c175.00
035 _aB-283457,B-248529
035 _aB-318201
037 _bसुभद्रा पब्लि
082 _a904.7
_22008
245 _a विश्व के महान आश्चर्य /
_c गोविन्द सिंह चन्द्रवंशी द्वारा संकलित
246 _b
_a
260 _aदिल्ली
_bसुभद्रा पब्लिशर्स एंड डिस्ट्रीब्यूटर्स
_c2008
270 _aबी-216 चन्दू नगर,करावल नगर रोड
_bदिल्ली
_e110094
300 _a144पृ
_c22 सेमी(सजिल्द)
700 _a गोविन्द सिंह चन्द्रवंशी
_933434
942 _adpl
_cHN
_k
_2ddc
_h904.7
_mविश्वके